000 01565cam a22004814i 4500
003 PE-LiUPU
005 20250731173518.0
008 150616s r 000 0 d
020 _a0801061903
035 _a(Sirsi) i9780801061905
040 _aPE-LiUPU
_bspa
_cPE-LiUPU
_erda
049 _aPRUA
082 0 4 _a220.07
_bC22
_221
100 1 _aMorgan, G. Campbell,
_d1863-1945,
_eautor.
245 1 0 _aHandbook for bible teachers and preachers /
_cG. Campbell.
264 1 _aGrand Rapids, Míchigan :
_bBaker Book House,
_c1982.
300 _a301 páginas ;
_c23 centímetros
336 _atext
_2rdacontent
337 _aunmediated
_2rdamedia
338 _avolume
_2rdacarrier
505 0 _aGenesis.- Exodus.- Leviticus.- Numbers.- Deuteronomy.- Joshua.
526 _aSEG42
526 _aSEG41
526 _aSEG40
526 _aSEG39
526 _aP94
526 _aP87
526 _aP86
526 _aP85
526 _aP77
526 _aP76
526 _aP35
630 _aBiblia
_xComentarios.
_91696
630 _aBiblia
_xResúmenes.
650 0 4 _a
910 _ajck
_bjvq
_cjck
942 _2ddc
_cBOOK
949 _a220.07 C22
_wDEWEY
_c1
_i41809
_lCCODEBUL1
_mBUL
_r0
_sY
_tBOOK
_u2015-6-16
_xTEOLOGIA
_zUNKNOWN
_0COMPRA
_o.STAFF. Colección General
994 _aC0
_bPEPRU
596 _a1
999 _a220.07 C22
_wDEWEY
_c59471
_i41809
_f2021-11-11
_g5
_lCCODEBUL1
_mBUL
_r0
_sY
_tBOOK
_u2015-6-16
_xTEOLOGIA
_zUNKNOWN
_0COMPRA
_o.STAFF. Colección General
_d59471
980 _81
_gALBERTO SANCHEZ Responsable de Automatización